000 004030000a22001690004500
003 LK-CoMWRAF
008 230817t ||||| |||| 00| 0 eng d
040 _aLK-CoMWRAF
_dLK-CoMWRAF
_eLK-CoMWRAF
041 _aeng
082 _a410
_bMAA
100 _aBabu Senthil
245 _aMaanavar Iyyakka Varalaaru
_b
260 _aChennai
_bSOUTH VISION
_c2000
300 _ap.48
650 _aTamil
942 _cBK
999 _c512
_d512